000 00669nam a2200229 a 4500
001 62753
003 BD-RjUL
005 20211209081123.0
008 170125s1985 enk 001 0 eng d
020 _a0669938645
035 _a(BD-RjUL)62880
040 _aBD-RjUL
_beng
_cBD-RjUL
_dBD-RjUL
041 _aeng
082 _223
_a808.807
_bGUO 1981
100 1 _aGuth Hans Paul
_9185371
245 1 0 _aOur world today /
_cHans Paul Guth; Patricia Strandness Shnider
260 _aOxford :
_bOxford University Press,
_cc1981
300 _a626 p :
_bill, ;
_c28 cm
500 _aInclude index
650 0 _aCurrent events
_xJuvenile literature
_9186531
942 _2ddc
_cBK
999 _c62753
_d62753